Vybrané problémy duševného vlastníctva v podnikovej sfére dizertačná práca

Gespeichert in:
Bibliographische Detailangaben
1. Verfasser: Matušovič, Martin
Körperschaft: Ekonomická univerzita v Bratislave. Fakulta podnikového manažmentu
Weitere Verfasser: Majtán, Štefan
Format: Buch
Sprache:Slowakisch
Veröffentlicht: Bratislava 2010
Schlagworte:
Tags: Tag hinzufügen
Keine Tags, Fügen Sie das erste Tag hinzu!

MARC

LEADER 00000nam a2200000 4500
001 0122843
005 20230227093254.3
041 0 |a slo 
044 |a SK 
245 1 0 |a Vybrané problémy duševného vlastníctva v podnikovej sfére  |b dizertačná práca  |c Martin Matušovič ; škol. Štefan Majtán 
264 1 |a Bratislava  |c 2010 
300 |a 137 s. 
610 2 0 |a vlastníctvo duševné 
610 2 0 |a podnik 
610 2 0 |a ochrana vlastníctva 
100 1 |a Matušovič, Martin 
700 1 |a Majtán, Štefan 
710 2 |a Ekonomická univerzita v Bratislave. Fakulta podnikového manažmentu